| 000 | 01354namaa22003131i 4500 | ||
|---|---|---|---|
| 005 | 20260630104419.0 | ||
| 008 | 260630s1994 ua a|||frm||| 000 0 eng d | ||
| 040 |
_aEG-GICUC _beng _cEG-GICUC _dEG-GICUC _erda |
||
| 041 | 0 |
_aeng _beng _bara |
|
| 049 | _aDeposite | ||
| 097 | _aPh.D | ||
| 099 | _aCai01.21.02.Ph.D.1994.Sh.E. | ||
| 100 | 0 |
_aShams ELDin Moussa, _epreparation. |
|
| 245 | 1 | 0 |
_aEffect Of Physical Exercises On Pulmonary Functions Of Paraplegic Patients / _cBy Shams ELDin Moussa; Supervisors Prof.Dr. Azza A. Abdl Hady, Prof.Dr. M. Reda Awad. _bRemainder of title / |
| 246 | 1 | 5 | _aأثر التمرينات العلاجية على وظائف الرئه لمرضى الشلل النصفى السفلى / |
| 264 | 0 | _c1994. | |
| 300 |
_a171 pages : _billustrations ; _c30 cm. + |
||
| 336 |
_2rda content _atext |
||
| 337 |
_2rdamedia _aUnmediated |
||
| 338 |
_2rdacarrier _avolume |
||
| 502 | _aThesis (Ph.D)-Cairo University, 1994. | ||
| 504 | _aBibliography: pages 155-171. | ||
| 653 | 0 | _aInternal Medicine And Geriatrics | |
| 700 | 0 |
_aAzza A. Abdl Hady _ethesis advisor. |
|
| 700 | 0 |
_aM. Reda Awad _ethesis advisor. |
|
| 900 |
_DDepartment of Internal Medicine And Geriatrics _FFaculty of Physical Therapy _UCairo University _b1994 _cAzza A. Abdl Hady _cM. Reda Awad |
||
| 905 | _aEman El gebaly | ||
| 942 |
_2ddc _cTH _e21 _n0 |
||
| 999 | _c180654 | ||